¡Alto humanidad! / (Record no. 129144)
[ view plain ]
| 000 -LEADER | |
|---|---|
| campo de control de longitud fija | 00491nam a2200181 i 4500 |
| 001 - NÚMERO DE CONTROL | |
| campo de control | 129144 |
| 003 - IDENTIFICADOR DE NÚMERO DE CONTROL | |
| campo de control | ES-MaACL |
| 005 - FECHA Y HORA DE LA ÚLTIMA TRANSACCIÓN | |
| campo de control | 20230906193439.0 |
| 007 - CAMPO FIJO DE DESCRIPCIÓN FÍSICA--INFORMACIÓN GENERAL | |
| campo de control de longitud fija | t| |
| 008 - DATOS DE LONGITUD FIJA--INFORMACIÓN GENERAL | |
| campo de control de longitud fija | 070607s1946 sp ||||1| spa d |
| 080 ## - NÚMERO DE LA CLASIFICACIÓN DECIMAL UNIVERSAL | |
| Número de la Clasificación Decimal Universal | 86-4"19" |
| 100 1# - ENTRADA PRINCIPAL--NOMBRE DE PERSONA | |
| Nombre de persona | Temprano Azcona, Reinaldo. |
| 9 (RLIN) | 109679 |
| 245 11 - MENCIÓN DEL TÍTULO | |
| Título | ¡Alto humanidad! / |
| Mención de responsabilidad, etc. | Reinaldo Temprano Azcona. |
| 250 ## - MENCION DE EDICION | |
| Mención de edición | 4ª ed. |
| 260 ## - PUBLICACIÓN, DISTRIBUCIÓN, ETC. | |
| Lugar de publicación, distribución, etc. | Valladolid : |
| Nombre del editor, distribuidor, etc. | Astrea, |
| Fecha de publicación, distribución, etc. | [1946] |
| 300 ## - DESCRIPCIÓN FÍSICA | |
| Extensión | 200 p. : |
| Otras características físicas | il. ; |
| Dimensiones | 22 cm. |
| 852 ## - LOCALIZACIÓN | |
| Ubicación | ES-MaACL |
| Número de control de estantería | E-9480 |
| Sublocalización o colección | R.94303 |
| Estatus retirado | Estado de pérdida | Estado de daño | No para préstamo | Biblioteca de origen | Biblioteca actual | Ubicación en estantería | Fecha de adquisición | Fuente de adquisición | Total de préstamos | Signatura topográfica completa | Código de barras | Visto por última vez | Precio de reemplazo | Tipo de ítem Koha |
|---|---|---|---|---|---|---|---|---|---|---|---|---|---|---|
| Biblioteca del Ateneo de Madrid | Biblioteca del Ateneo de Madrid | Depósito 2 | 17/01/2008 | E-9480 | 1134487 | 23/02/2023 | 23/02/2023 | Libro impreso |
